Lady Gaga (my top 10 favourites) - Statistics

General Stats
  • This quiz has been taken 25 times
  • The average score is 7 of 10
Answer Stats
Hint Answer % Correct
8. (Chromatica) "i can feel it on my skin, its coming down on me" rain on me
100%
3. (Born this way) "if your a strong female, you dont need permission" scheibe
86%
5. (Artpop) "and mars warring spirit rams into the atmosphere" g.u.y
71%
7. (Joanne) "he called, i cried, we broke racin' throught the moonlight" john wayne
71%
9. (Chromatica) "holding on so tight to this status its not real but ill try to grab it" 911
62%
6. (Artpop) "im gonna smoke marlboro lights and drink champagne" donatella
62%
2. (The fame) "i have something that i love long long" eh eh (nothing else i can say)
62%
10. (Chromatica) "then the signal split in two the sound created stars like me and you" sine from above
62%
4. (Born this way) "lets raise hell in the streets, drink beer and get into trouble" heavy metal lover
52%
1. (The fame) "never burn out this candle baby, baby!" money honey
48%
No matching quizzes found
Score Distribution
Percent of People with Each Score
Percentile by Number Answered
Your Score History
You have not taken this quiz